• 首页
  • 本馆介绍
  • 公告通知
  • 最新文献
  • 馆藏检索
  • 电子资源
  • 读者导购
  • 参考咨询
  • 我的图书馆
  • 登录
  • 详细信息显示
  • 放入我的书架
  • 预约/预借图书
  • 作者相关作品
  • 分类相关作品
  • 丛书相关作品
  • 出版社相关作品

书目信息

  • 表格格式
  • 工作单格式
  • 卡片格式
书名: Foundations of structures
作者:
分册号:
分册名:
出版地: New York :
 
出版社: McGraw-Hill
出版时间: 1962.
页数: 722 p. :
开本: 24 cm.
丛书名: McGraw-Hill civil engineering series
中图分类号:
科图分类号:
其他分类号: TU1
主题词:
电子资源:
000 00876cam a22003011 450
001 E0762480078
005 20070429172236.71
008 720907s1962 xx 000 0 eng
010    @a61012947
015    @aGB62-3937
035    @A(DLC) 61012947
035    @a(OCoLC)400224
040    @aDLC@cOAkU@dOCoLC@dUk@dDLC
042    @apremarc
050 00 @aTA775@b.D8 1962
082    @a624.15
090    @aTU1
099    @dTU1@ex3=2
100 1  @aDunham, Clarence W.@q(Clarence Whiting),@d1891-
245 10 @aFoundations of structures.
250    @a2nd ed.
260    @aNew York :@bMcGraw-Hill,@c1962.
300    @a722 p. :@billus. ;@c24 cm.
440  0 @aMcGraw-Hill civil engineering series
650  0 @aFoundations.
906    @a7@bcbc@coclcrpl@du@encip@f19@gy-gencatlg
985    @eOCLC REPLACEMENT cdsdistr
991    @bc-GenColl@hTA775@i.D8 1962@tCopy 1@wOCLCREP
    
    Foundations of structures.-2nd ed.-New York : : McGraw-Hill, , 1962.
    722 p. : : illus. ; ; 24 cm.- (McGraw-Hill civil engineering series )
    
    
    ISBN
    
●
相关链接 在E读中查询图书 在五车中查询图书 在当当中查询图书 在豆瓣中查询图书


正题名:Foundations of structures     索取号:TU1/x3=2         预约/预借

序号 登录号 条形码 馆藏地/架位号 状态 备注
1 6120   300061206   第二样本阅览室/ [索取号:TU1/x3=2] 在馆    
唐山师范学院图书馆 欢迎您!
大连网信软件有限公司© 版权所有